01353cam a22004814i 4500003000900000005001700009008004100026020001500067020001700082035002700099040004300126082001900169100002600188245005400214264004500268300005500313336002100368337002500389338002300414505021200437526001000649526001000659526001000669526001000679526001000689526000900699526000900708526000900717526000900726526000900735526000900744526000900753526000900762526000900771526000900780526000800789526000800797526000800805526000800813526000800821526000800829650003400837PE-LiUPU20250731170500.0150616s1985 txu r 000 0 eng d a1559242833 a978155924837 a(Sirsi) i9781559242837 aPE-LiUPUbspacPE-LiUPUdPE-LiUPUerda04a158.2bP822211 aPowell, John,eautor.10aWill the real me please stand up? /cJohn Powell. 1aAllen, Texas :bTabor Publishing,c1985. a215 páginas :bilustraciones ;c20 centímetros atext2rdacontent aunmediated2rdamedia avolume2rdacarrier0 aAssumptions and attitudes necessary for good communication -- Guidelines for the sucessful practice of sharing oneself (speaking) -- Guidelines for the sucessful practice of accepting the sharing of another. aSEG68 aSEG70 aSEG69 aSEG67 aSEG43 aP144 aP143 aP131 aP122 aP120 aP117 aP112 aP110 aP106 aP101 aP80 aP59 aP54 aP35 aP33 aP3004aComunicación interpersonal.